Per Uccidere Caino

שמור ב:
מידע ביבליוגרפי
מחבר ראשי: Annamaria Garufi
פורמט: ספר
שפה:שפה לא ידועה
יצא לאור: Editrice Grafo
תגים: הוספת תג
אין תגיות, היה/י הראשונ/ה לתייג את הרשומה!

MARC

LEADER 00000nam a2200000Ia 4500
001 R-1242
003 CODICE-MESSINA
005 20260212102504.0
008 260211s9999 xx 000 0 und d
040 |c importazione_messina 
100 |a Annamaria Garufi 
245 0 |a Per Uccidere Caino 
260 |b Editrice Grafo 
942 |2 ddc  |c BK 
952 |0 0  |1 0  |2 ddc  |4 0  |6 SCAFFALE_12_000000000000000__ROMANZI  |7 0  |9 32075  |a ME  |b ME  |d 2026-02-11  |l 0  |o SCAFFALE 12 - ROMANZI  |p R-1242  |r 2026-02-11 23:52:57  |w 2026-02-11  |x [REVISIONARE]  |y BK 
999 |c 27742  |d 27742